[Event "Avoine op 38th"]
[Site "Avoine"]
[Date "2024.07.27"]
[Round "8"]
[White "Bon, Michael"]
[Black "Negre, Emilie"]
[Result "0-1"]
[WhiteElo "2363"]
[BlackElo "2122"]
[PlyCount "78"]
[EventDate "2024.07.20"]
[EventType "swiss"]
[EventRounds "9"]
[EventCountry "FRA"]
[SourceTitle "EXT 2025"]
[Source "ChessBase"]
[SourceDate "2024.10.14"]
[SourceVersion "1"]
[SourceVersionDate "2024.10.14"]
[SourceQuality "1"]

1. e4 e5 2. Nf3 Nc6 3. Bc4 Nf6 4. d3 Bc5 5. 0-0 a6 6. Nbd2 d6 7. c3 Ba7 8. Bb3 0-0 9. h3 Re8 10. Re1 Be6 11. Nf1 h6 12. Bxe6 Rxe6 13. Be3 Bxe3 14. Nxe3 d5 15. exd5 Nxd5 16. Nc4 Nf4 17. Ncxe5 Nxe5 18. Nxe5 Qg5 19. Ng4 Rxe1+ 20. Qxe1 f5 21. Ne3 Re8 22. Qd2 Nxg2 23. Kh2 Nh4 24. Qe2 f4 25. Rg1 Qe5 26. d4 Qe6 27. Qh5 fxe3 28. Qxh4 e2 29. Re1 Qxa2 30. Qh5 Qf7 31. Qxf7+ Kxf7 32. Kg3 Kf6 33. Kf3 Kf5 34. b3 a5 35. c4 Re4 36. d5 Ke5 37. h4 Kd4 38. h5 Kd3 39. c5 Kd2 0-1

[Event "Avoine op 38th"]
[Site "Avoine"]
[Date "2024.07.26"]
[Round "7"]
[White "Ikonnikov, Vyacheslav"]
[Black "Bon, Michael"]
[Result "1-0"]
[WhiteElo "2456"]
[BlackElo "2363"]
[PlyCount "119"]
[EventDate "2024.07.20"]
[EventType "swiss"]
[EventRounds "9"]
[EventCountry "FRA"]
[SourceTitle "EXT 2025"]
[Source "ChessBase"]
[SourceDate "2024.10.14"]
[SourceVersion "1"]
[SourceVersionDate "2024.10.14"]
[SourceQuality "1"]

1. d4 d5 2. Nf3 e6 3. c4 a6 4. Nc3 dxc4 5. e4 b5 6. a4 b4 7. Ne2 Nc6 8. Bg5 Be7 9. Bxe7 Ngxe7 10. Rc1 Na5 11. Ng3 c5 12. Bxc4 cxd4 13. 0-0 Nac6 14. e5 Bb7 15. Re1 Ng6 16. Bd3 0-0 17. Qd2 Qe7 18. Bxg6 fxg6 19. Nxd4 Rad8 20. Nxc6 Bxc6 21. Qc2 Bd5 22. f3 b3 23. Qc5 Qh4 24. a5 g5 25. Nf1 g4 26. Qb4 h5 27. Ne3 Ba8 28. Re2 Qg5 29. fxg4 Qxe5 30. Qxb3 hxg4 31. Rce1 Rf6 32. Qc3 Qe4 33. Nc4 Qf5 34. Qe5 Qg6 35. Nb6 Bd5 36. Qc7 Rdf8 37. Nd7 Qd3 38. Nxf6+ Rxf6 39. Qg3 Qd4+ 40. Qe3 Qb4 41. Qb6 Qc4 42. Rf2 Kf7 43. Qe3 Qb5 44. Qc3 Bc4 45. Qe5 Qb3 46. Qh5+ Ke7 47. Qc5+ Kf7 48. Rc1 Bd5 49. Qc3 Qa4 50. Rcf1 Rxf2 51. Rxf2+ Kg8 52. Qd2 Qc4 53. Rf1 Qc5+ 54. Kh1 Qc4 55. Rc1 Qb5 56. Rc8+ Kh7 57. Kg1 Qb7 58. Qc3 Qa7+ 59. Rc5 Qf7 60. Qc2+ 1-0

[Event "Avoine op 38th"]
[Site "Avoine"]
[Date "2024.07.25"]
[Round "6"]
[White "Duboue, Peio"]
[Black "Bon, Michael"]
[Result "1-0"]
[WhiteElo "2447"]
[BlackElo "2363"]
[PlyCount "115"]
[EventDate "2024.07.20"]
[EventType "swiss"]
[EventRounds "9"]
[EventCountry "FRA"]
[SourceTitle "EXT 2025"]
[Source "ChessBase"]
[SourceDate "2024.10.14"]
[SourceVersion "1"]
[SourceVersionDate "2024.10.14"]
[SourceQuality "1"]

1. e4 c5 2. c3 d5 3. exd5 Qxd5 4. d4 g6 5. Nf3 Bg7 6. Na3 cxd4 7. Nb5 Na6 8. Be3 Nf6 9. Bxd4 b6 10. Be2 0-0 11. 0-0 Qb7 12. Re1 Be6 13. Ne5 Bd5 14. Bf3 Rad8 15. c4 Bxf3 16. Qxf3 Qxf3 17. Nxf3 Nb4 18. Rxe7 Nc6 19. Re2 Nxd4 20. Nbxd4 Rfe8 21. Rae1 Rxe2 22. Rxe2 Nh5 23. Nc6 Rd1+ 24. Re1 Rxe1+ 25. Nxe1 Bxb2 26. Nd3 Ba3 27. Nxa7 Nf6 28. f3 Nd7 29. Nb5 Be7 30. Kf2 f5 31. Ke3 Bf6 32. g4 fxg4 33. fxg4 Ba1 34. h3 Kf7 35. Nf4 Bb2 36. Ke4 Nf6+ 37. Kd3 Be5 38. Nd5 Nd7 39. Ke4 Bh2 40. Nbc7 Nc5+ 41. Kd4 Nd7 42. Kc3 Bd6 43. Na8 Bc5 44. Kb3 h5 45. gxh5 gxh5 46. Ka4 Kg6 47. Kb5 Ba3 48. Naxb6 Nc5 49. Ne3 Ne6 50. Nbd5 Kg5 51. Ng2 Nc5 52. Nc3 Ne6 53. Nb1 Bd6 54. a4 Nf4 55. Nxf4 Bxf4 56. a5 Kh4 57. a6 Bb8 58. c5 1-0

[Event "Avoine op 38th"]
[Site "Avoine"]
[Date "2024.07.24"]
[Round "5"]
[White "Bon, Michael"]
[Black "Haub, Thorsten Michael"]
[Result "1-0"]
[WhiteElo "2363"]
[BlackElo "2334"]
[PlyCount "97"]
[EventDate "2024.07.20"]
[EventType "swiss"]
[EventRounds "9"]
[EventCountry "FRA"]
[SourceTitle "EXT 2025"]
[Source "ChessBase"]
[SourceDate "2024.10.14"]
[SourceVersion "1"]
[SourceVersionDate "2024.10.14"]
[SourceQuality "1"]

1. e4 g6 2. d4 Bg7 3. Nc3 d6 4. f4 Nc6 5. Be3 Nf6 6. Be2 0-0 7. Nf3 e6 8. Qd2 Ne7 9. h4 h5 10. 0-0-0 Rb8 11. Ng5 b5 12. Bxb5 c6 13. Be2 Qa5 14. Kb1 Rb4 15. g4 Ba6 16. gxh5 Bxe2 17. Nxe2 Nxh5 18. Qd3 Rfb8 19. b3 Qc7 20. Bd2 R4b7 21. e5 Nf5 22. Rhg1 c5 23. exd6 Nxd6 24. dxc5 Qxc5 25. Be3 Qc4 26. Qxc4 Nxc4 27. Bd4 Bxd4 28. Rxd4 Ne3 29. Nf3 Rc7 30. Rc1 Nf5 31. Rd3 a5 32. c4 Kg7 33. Kb2 Rh8 34. Rh1 Rb8 35. Ka3 a4 36. Nfd4 Nxd4 37. Rxd4 axb3 38. axb3 Ra7+ 39. Kb2 Rba8 40. Nc3 Ng3 41. Rh3 Nf5 42. Rd1 Rh8 43. b4 Rxh4 44. Rxh4 Nxh4 45. b5 Nf5 46. c5 Ne7 47. Kb3 f5 48. b6 Rb7 49. Kc4 1-0

[Event "Avoine op 38th"]
[Site "Avoine"]
[Date "2024.07.21"]
[Round "2"]
[White "Rodriguez, Augustin"]
[Black "Bon, Michael"]
[Result "0-1"]
[WhiteElo "2079"]
[BlackElo "2363"]
[PlyCount "106"]
[EventDate "2024.07.20"]
[EventType "swiss"]
[EventRounds "9"]
[EventCountry "FRA"]
[SourceTitle "EXT 2025"]
[Source "ChessBase"]
[SourceDate "2024.10.14"]
[SourceVersion "1"]
[SourceVersionDate "2024.10.14"]
[SourceQuality "1"]

1. e4 c5 2. Nf3 Nc6 3. Bb5 e6 4. 0-0 Nge7 5. Re1 a6 6. Bf1 d5 7. d3 d4 8. e5 Ng6 9. g3 Be7 10. h4 Qc7 11. Qe2 f6 12. exf6 gxf6 13. h5 Nf8 14. Bh6 e5 15. Bg2 Bg4 16. Bg7 Rg8 17. Bxf8 Bxf8 18. Qe4 0-0-0 19. Nh4 Qf7 20. Bf3 Qxh5 21. Bxg4+ Rxg4 22. Qf5+ Qxf5 23. Nxf5 Nb4 24. Na3 Kd7 25. Kg2 Ke6 26. Nh4 Bd6 27. Nf3 Rd7 28. Rh1 Rdg7 29. Rh6 R4g6 30. Rh5 b5 31. Kf1 Rc7 32. Nd2 Bf8 33. Ke2 Rh6 34. Rxh6 Bxh6 35. Ne4 c4 36. g4 cxd3+ 37. cxd3 Bc1 38. Rb1 Nxa2 39. Kd1 Bf4 40. Nc2 b4 41. Nd2 Bxd2 42. Kxd2 a5 43. Ra1 a4 44. f4 b3 45. Na3 Rg7 46. fxe5 Rxg4 47. Rh1 Rg2+ 48. Kd1 Rxb2 49. exf6 Nc3+ 50. Ke1 Ra2 51. Rxh7 Rxa3 52. f7 Ke7 53. f8N+ Kxf8 0-1

[Event "Avoine op 38th"]
[Site "Avoine"]
[Date "2024.07.20"]
[Round "1"]
[White "Bon, Michael"]
[Black "Le Franc, Yves"]
[Result "1-0"]
[WhiteElo "2363"]
[BlackElo "1996"]
[PlyCount "62"]
[EventDate "2024.07.20"]
[EventType "swiss"]
[EventRounds "9"]
[EventCountry "FRA"]
[SourceTitle "EXT 2025"]
[Source "ChessBase"]
[SourceDate "2024.10.14"]
[SourceVersion "1"]
[SourceVersionDate "2024.10.14"]
[SourceQuality "1"]

1. e4 e5 2. Nf3 Nc6 3. Bc4 Bc5 4. d3 h6 5. 0-0 Nf6 6. Nbd2 0-0 7. Re1 d6 8. c3 Bb6 9. Nf1 Be6 10. Bb5 Ne7 11. Ng3 c6 12. Ba4 Nd7 13. d4 Bg4 14. Bc2 Qc7 15. Be3 Rae8 16. h3 Be6 17. Qd2 f5 18. exf5 Nxf5 19. Bxf5 Bxf5 20. dxe5 Nxe5 21. Nxe5 dxe5 22. Bxb6 axb6 23. Re3 Bh7 24. Rae1 Qf7 25. a3 Qf4 26. Nh5 Qg5 27. Qe2 e4 28. Rg3 Qc5 29. Nxg7 Kh8 30. Nxe8 Rxe8 31. Qe3 Rd8 1-0

[Event "Avoine op 37th"]
[Site "Avoine"]
[Date "2023.07.26"]
[Round "5"]
[White "Barbot, Pierre"]
[Black "Bon, Michael"]
[Result "0-1"]
[WhiteElo "2465"]
[BlackElo "2375"]
[PlyCount "48"]
[EventDate "2023.07.22"]
[EventType "swiss"]
[EventRounds "9"]
[EventCountry "FRA"]
[SourceTitle "CBM 215 Extra"]
[Source "ChessBase"]
[SourceDate "2023.09.30"]
[SourceVersion "1"]
[SourceVersionDate "2023.09.30"]
[SourceQuality "1"]

1. d4 d5 2. c4 e6 3. Nf3 Nf6 4. g3 dxc4 5. Bg2 Bb4+ 6. Bd2 a5 7. Qc2 c5 8. dxc5 Bxc5 9. 0-0 0-0 10. Qxc4 Nbd7 11. Nc3 b6 12. Rfd1 Ba6 13. Qa4 b5 14. Nxb5 Qb6 15. Nbd4 e5 16. Bxa5 Qa7 17. Nxe5 Nxe5 18. Bxa8 Rxa8 19. Bc3 Qb7 20. Qb3 Qc8 21. Rac1 Qh3 22. Nf3 Bxf2+ 23. Kxf2 Nfg4+ 24. Ke1 Nxf3+ 0-1

[Event "Paris GM"]
[Site "Paris"]
[Date "2023.03.03"]
[Round "9"]
[White "Bon, Michael"]
[Black "Droin, Augustin"]
[Result "0-1"]
[WhiteElo "2395"]
[BlackElo "2440"]
[PlyCount "90"]
[EventDate "2023.02.27"]
[EventType "tourn"]
[EventRounds "9"]
[EventCountry "FRA"]
[EventCategory "9"]
[SourceTitle "CBM 213 Extra"]
[Source "ChessBase"]
[SourceDate "2023.05.31"]
[SourceVersion "1"]
[SourceVersionDate "2023.05.31"]
[SourceQuality "1"]

1. e4 c5 2. Nf3 Nc6 3. d4 cxd4 4. Nxd4 Qb6 5. Nb3 Nf6 6. Nc3 e6 7. Qe2 Bb4 8. Bd2 0-0 9. a3 Be7 10. f4 d5 11. e5 Nd7 12. 0-0-0 a6 13. Qh5 Rd8 14. Bd3 Nf8 15. Rde1 Qc7 16. Re3 g6 17. Rg3 b5 18. Ne2 a5 19. Nbd4 Nxd4 20. Nxd4 Qb6 21. Nxb5 a4 22. Nd6 Rxd6 23. exd6 Bf6 24. Bc3 Bxc3 25. bxc3 Qxd6 26. Qe5 Qxa3+ 27. Kd2 Qc5 28. Qd4 Qc7 29. h4 Ba6 30. Qxa4 Nd7 31. h5 Nc5 32. Qd4 Bxd3 33. Rxd3 Ne4+ 34. Ke2 Qxf4 35. hxg6 Qg4+ 36. Rf3 fxg6 37. Rhf1 Ng3+ 38. Kf2 Qxd4+ 39. cxd4 Nxf1 40. Kxf1 Rf8 41. Ke2 Rxf3 42. Kxf3 Kf7 43. Kf4 Kf6 44. g4 g5+ 45. Kf3 Kg6 0-1

[Event "Paris GM"]
[Site "Paris"]
[Date "2023.03.01"]
[Round "6"]
[White "David, Alberto"]
[Black "Bon, Michael"]
[Result "1-0"]
[WhiteElo "2532"]
[BlackElo "2395"]
[PlyCount "51"]
[EventDate "2023.02.27"]
[EventType "tourn"]
[EventRounds "9"]
[EventCountry "FRA"]
[EventCategory "9"]
[SourceTitle "CBM 213 Extra"]
[Source "ChessBase"]
[SourceDate "2023.05.31"]
[SourceVersion "1"]
[SourceVersionDate "2023.05.31"]
[SourceQuality "1"]

1. d4 d5 2. c4 e6 3. Nc3 a6 4. cxd5 exd5 5. Bf4 Nf6 6. e3 c5 7. Nge2 c4 8. g3 Be6 9. Bg2 Nbd7 10. 0-0 b5 11. e4 Nb6 12. Bg5 Be7 13. e5 Ng8 14. Bd2 f5 15. Nf4 Qd7 16. Qf3 0-0-0 17. a4 b4 18. a5 bxc3 19. axb6 cxb2 20. Rxa6 Qb5 21. Ra8+ Kd7 22. Ra7+ Ke8 23. Nxe6 b1Q 24. Nc7+ Kf7 25. Nxb5 Qxb5 26. Qxf5+ 1-0

[Event "Paris GM"]
[Site "Paris"]
[Date "2023.02.27"]
[Round "1"]
[White "Bon, Michael"]
[Black "Laurent Paoli, Pierre"]
[Result "0-1"]
[WhiteElo "2395"]
[BlackElo "2525"]
[PlyCount "68"]
[EventDate "2023.02.27"]
[EventType "tourn"]
[EventRounds "9"]
[EventCountry "FRA"]
[EventCategory "9"]
[SourceTitle "CBM 213 Extra"]
[Source "ChessBase"]
[SourceDate "2023.05.31"]
[SourceVersion "1"]
[SourceVersionDate "2023.05.31"]
[SourceQuality "1"]

1. e4 c5 2. Nf3 Nc6 3. d4 cxd4 4. Nxd4 Nf6 5. Nc3 e5 6. Ndb5 d6 7. Bg5 a6 8. Na3 b5 9. Bxf6 gxf6 10. Nd5 f5 11. c3 Bg7 12. exf5 Bxf5 13. Nc2 0-0 14. Nce3 Be6 15. Bd3 f5 16. 0-0 Kh8 17. Bc2 Ne7 18. a4 b4 19. Nxb4 d5 20. Bb3 Qa5 21. Bxd5 Rad8 22. Bxe6 Rxd1 23. Rfxd1 Qb6 24. Ba2 a5 25. Nc4 Qc5 26. Nd3 Qc7 27. Na3 Ng6 28. Nb5 Qe7 29. Ne1 e4 30. Rab1 f4 31. Bd5 Nh4 32. c4 f3 33. gxf3 exf3 34. Nd4 Bxd4 0-1

[Event "Titled Tuesday intern op 21st Feb Late"]
[Site "Chess.com INT"]
[Date "2023.02.21"]
[Round "3"]
[White "Bon, Michael"]
[Black "Chabris, Christopher"]
[Result "1-0"]
[WhiteElo "2394"]
[BlackElo "2072"]
[PlyCount "71"]
[EventDate "2023.02.21"]
[EventType "swiss (blitz)"]
[EventRounds "11"]
[EventCountry "USA"]
[SourceTitle "CBM 212 Extra"]
[Source "ChessBase"]
[SourceDate "2023.03.31"]
[SourceVersion "1"]
[SourceVersionDate "2023.03.31"]
[SourceQuality "1"]

1. e4 c5 2. Nf3 d6 3. d4 cxd4 4. Nxd4 Nf6 5. Nc3 a6 6. Bg5 e6 7. f4 h6 8. Bh4 Qb6 9. a3 Be7 10. Bf2 Qc7 11. Qf3 Nc6 12. 0-0-0 Bd7 13. g4 Nxd4 14. Rxd4 e5 15. Rc4 Qa5 16. f5 b5 17. Rb4 d5 18. exd5 Bxb4 19. axb4 Qa1+ 20. Nb1 e4 21. Qf4 0-0 22. g5 Nxd5 23. Qe5 Nxb4 24. gxh6 f6 25. Qe7 Na2+ 26. Kd2 Rf7 27. h7+ Kh8 28. Qxf7 Qxb1 29. Bc4 Be6 30. Bxe6 Rd8+ 31. Ke3 Rd3+ 32. Kxe4 Qxh1+ 33. Kxd3 Qd1+ 34. Ke3 Qc1+ 35. Kf3 Qh1+ 36. Kg3 1-0

[Event "Titled Tuesday intern op 21st Feb Late"]
[Site "Chess.com INT"]
[Date "2023.02.21"]
[Round "10"]
[White "Bon, Michael"]
[Black "Davidson, Kevin"]
[Result "1-0"]
[WhiteElo "2394"]
[BlackElo "2154"]
[PlyCount "47"]
[EventDate "2023.02.21"]
[EventType "swiss (blitz)"]
[EventRounds "11"]
[EventCountry "USA"]
[SourceTitle "CBM 212 Extra"]
[Source "ChessBase"]
[SourceDate "2023.03.31"]
[SourceVersion "1"]
[SourceVersionDate "2023.03.31"]
[SourceQuality "1"]

1. e4 c5 2. Nf3 d6 3. d4 cxd4 4. Nxd4 Nf6 5. Nc3 a6 6. Bg5 e6 7. f4 Be7 8. Qf3 h6 9. Bh4 Qc7 10. 0-0-0 Nbd7 11. Be2 0-0 12. g4 b5 13. g5 hxg5 14. Bxg5 b4 15. Nd5 exd5 16. Nf5 Nb6 17. Nxg7 Kxg7 18. Rhg1 Ng4 19. Bxe7 Qxe7 20. Rxg4+ Kf6 21. e5+ dxe5 22. fxe5+ Kxe5 23. Qe3+ Kd6 24. Qxb6+ 1-0

[Event "Titled Tuesday intern op 21st Feb Early"]
[Site "Chess.com INT"]
[Date "2023.02.21"]
[Round "10"]
[White "Bon, Michael"]
[Black "Talibov, Shiroghlan"]
[Result "0-1"]
[WhiteElo "2394"]
[BlackElo "2359"]
[PlyCount "76"]
[EventDate "2023.02.21"]
[EventType "swiss (blitz)"]
[EventRounds "11"]
[EventCountry "USA"]
[SourceTitle "CBM 212 Extra"]
[Source "ChessBase"]
[SourceDate "2023.03.31"]
[SourceVersion "1"]
[SourceVersionDate "2023.03.31"]
[SourceQuality "1"]

1. e4 c5 2. Nf3 a6 3. c4 e6 4. Nc3 Qc7 5. d4 cxd4 6. Nxd4 Nf6 7. Be3 b6 8. Be2 Bb7 9. f3 d6 10. 0-0 Nbd7 11. Qb3 Be7 12. Rfc1 0-0 13. Qd1 Rac8 14. b4 Rfe8 15. a3 Qb8 16. Qf1 Bd8 17. Qf2 Bc7 18. g3 h5 19. Nb3 Qa8 20. Na4 d5 21. exd5 exd5 22. c5 b5 23. Nb6 Bxb6 24. cxb6 Rc4 25. Nc5 d4 26. Bd2 Rxe2 27. Qxe2 Bxf3 28. Qf1 Nxb6 29. Nd3 Rxc1 30. Rxc1 Nc4 31. Bg5 Ng4 32. Ne1 Be4 33. Qf4 Qd5 34. Rd1 f6 35. Bh4 g5 36. Qb8+ Kh7 37. Qc7+ Kg6 38. Qb6 Nxb6 0-1

[Event "Titled Tuesday intern op 21st Feb Late"]
[Site "Chess.com INT"]
[Date "2023.02.21"]
[Round "2"]
[White "Guzman Moneo, Alberto"]
[Black "Bon, Michael"]
[Result "1-0"]
[WhiteElo "2146"]
[BlackElo "2394"]
[PlyCount "73"]
[EventDate "2023.02.21"]
[EventType "swiss (blitz)"]
[EventRounds "11"]
[EventCountry "USA"]
[SourceTitle "CBM 212 Extra"]
[Source "ChessBase"]
[SourceDate "2023.03.31"]
[SourceVersion "1"]
[SourceVersionDate "2023.03.31"]
[SourceQuality "1"]

1. e4 c5 2. Nc3 Nc6 3. Bb5 e6 4. Bxc6 bxc6 5. f4 d5 6. Nf3 Nf6 7. d3 Be7 8. 0-0 Ba6 9. Re1 0-0 10. b3 c4 11. bxc4 dxc4 12. e5 Nd5 13. Nxd5 Qxd5 14. d4 c5 15. c3 cxd4 16. Nxd4 Bc5 17. Be3 Rfd8 18. Qg4 g6 19. Rad1 Rab8 20. Rd2 Qe4 21. Bf2 Rb1 22. Rxb1 Qxb1+ 23. Rd1 Qxa2 24. h4 Bb7 25. h5 Be4 26. hxg6 hxg6 27. Qg5 Rb8 28. Re1 Rb1 29. Rxb1 Qxb1+ 30. Kh2 Qb7 31. Bh4 Bf8 32. f5 exf5 33. e6 a5 34. e7 Bxe7 35. Qxe7 Bxg2 36. Qd8+ Kh7 37. Bf6 1-0

[Event "Titled Tuesday intern op 21st Feb Late"]
[Site "Chess.com INT"]
[Date "2023.02.21"]
[Round "5"]
[White "Korchmar, Vasiliy"]
[Black "Bon, Michael"]
[Result "0-1"]
[WhiteElo "2438"]
[BlackElo "2394"]
[PlyCount "68"]
[EventDate "2023.02.21"]
[EventType "swiss (blitz)"]
[EventRounds "11"]
[EventCountry "USA"]
[SourceTitle "CBM 212 Extra"]
[Source "ChessBase"]
[SourceDate "2023.03.31"]
[SourceVersion "1"]
[SourceVersionDate "2023.03.31"]
[SourceQuality "1"]

1. e4 c5 2. Nf3 d6 3. d4 cxd4 4. Nxd4 Nf6 5. Nc3 Nc6 6. Be2 g6 7. 0-0 Bg7 8. Nb3 0-0 9. Re1 Bd7 10. Bf1 Rc8 11. Bg5 Be6 12. Nd5 Bxd5 13. exd5 Ne5 14. Qd2 Nc4 15. Bxc4 Rxc4 16. Qe2 Qc7 17. c3 Nxd5 18. Bxe7 Re8 19. Qf3 Nxe7 20. Re2 Rd8 21. Rae1 Nc6 22. Qd5 Ne5 23. f4 Rxf4 24. Nd4 a6 25. h3 b5 26. Kh1 h5 27. Re3 Qc4 28. Qb7 Rf1+ 29. Kh2 Rxe1 30. Rxe1 Nd3 31. Qe7 Nxe1 32. Qxd8+ Kh7 33. Qxd6 Qf1 34. Qg3 Be5 0-1

[Event "Titled Tuesday intern op 21st Feb Late"]
[Site "Chess.com INT"]
[Date "2023.02.21"]
[Round "4"]
[White "Passen, Brett"]
[Black "Bon, Michael"]
[Result "0-1"]
[WhiteElo "1921"]
[BlackElo "2394"]
[PlyCount "118"]
[EventDate "2023.02.21"]
[EventType "swiss (blitz)"]
[EventRounds "11"]
[EventCountry "USA"]
[SourceTitle "CBM 212 Extra"]
[Source "ChessBase"]
[SourceDate "2023.03.31"]
[SourceVersion "1"]
[SourceVersionDate "2023.03.31"]
[SourceQuality "1"]

1. c4 e5 2. g3 Nf6 3. Bg2 Nc6 4. Nc3 Bb4 5. Nd5 Bc5 6. a3 a6 7. b4 Ba7 8. e3 Nxd5 9. cxd5 Ne7 10. Ne2 d6 11. 0-0 0-0 12. d4 Ng6 13. Bb2 Re8 14. dxe5 Nxe5 15. h3 Bf5 16. g4 Bd3 17. Bxe5 Bxe2 18. Qxe2 Rxe5 19. Rac1 Bb6 20. Rc4 Qd7 21. Re4 Rae8 22. Rxe5 Rxe5 23. Rc1 f5 24. gxf5 Rxf5 25. Qg4 Qf7 26. Be4 Rxf2 27. Qc8+ Qf8 28. Qxf8+ Rxf8 29. Rc3 Re8 30. Bf5 Bxe3+ 31. Kg2 Bb6 32. Be6+ Kh8 33. a4 a5 34. bxa5 Bxa5 35. Rb3 Bb6 36. a5 Bxa5 37. Rxb7 Bb6 38. Kf3 g6 39. Kg4 Kg7 40. h4 Kf6 41. Kf3 Ke5 42. Kg4 Rf8 43. Kg3 Kd4 44. Kg4 Kc5 45. Kg5 Kb5 46. Bd7+ Ka6 47. Bc6 Rf5+ 48. Kh6 Rh5+ 49. Kg7 Rxh4 50. Rb8 Rh2 51. Ra8+ Ba7 52. Rc8 Kb6 53. Re8 g5 54. Re4 h5 55. Rb4+ Kc5 56. Ra4 Bb6 57. Ra3 g4 58. Rc3+ Kd4 59. Rc2 Rxc2 0-1

[Event "Titled Tuesday intern op 14th Feb Early"]
[Site "Chess.com INT"]
[Date "2023.02.14"]
[Round "6"]
[White "Bon, Michael"]
[Black "Ambartsumova, Karina"]
[Result "0-1"]
[WhiteElo "2394"]
[BlackElo "2399"]
[PlyCount "46"]
[EventDate "2023.02.14"]
[EventType "swiss (blitz)"]
[EventRounds "11"]
[EventCountry "USA"]
[SourceTitle "CBM 212 Extra"]
[Source "ChessBase"]
[SourceDate "2023.03.31"]
[SourceVersion "1"]
[SourceVersionDate "2023.03.31"]
[SourceQuality "1"]

1. e4 e5 2. Nc3 Nf6 3. Bc4 c6 4. d4 Bd6 5. Nf3 Qe7 6. 0-0 b5 7. Bb3 0-0 8. dxe5 Bxe5 9. Nxe5 Qxe5 10. f4 Qc5+ 11. Kh1 d6 12. Qf3 Re8 13. e5 dxe5 14. fxe5 Qxe5 15. Bf4 Qf5 16. Rae1 Be6 17. Re5 Qg4 18. Bxe6 Rxe6 19. Qxg4 Nxg4 20. Rxe6 fxe6 21. Rd1 Nf2+ 22. Kg1 Nxd1 23. Nxd1 Nd7 0-1

[Event "Titled Tuesday intern op 14th Feb Early"]
[Site "Chess.com INT"]
[Date "2023.02.14"]
[Round "4"]
[White "Bon, Michael"]
[Black "Kvaloy, Aksel Bu"]
[Result "1-0"]
[WhiteElo "2394"]
[BlackElo "2255"]
[PlyCount "80"]
[EventDate "2023.02.14"]
[EventType "swiss (blitz)"]
[EventRounds "11"]
[EventCountry "USA"]
[SourceTitle "CBM 212 Extra"]
[Source "ChessBase"]
[SourceDate "2023.03.31"]
[SourceVersion "1"]
[SourceVersionDate "2023.03.31"]
[SourceQuality "1"]

1. e4 e5 2. Nc3 Nf6 3. Bc4 Nxe4 4. Qh5 Nd6 5. Bb3 Be7 6. Nf3 Nc6 7. Nxe5 Nxe5 8. Qxe5 0-0 9. Nd5 Re8 10. 0-0 Bf8 11. Qf4 c6 12. Ne3 g6 13. d3 Re7 14. Qxd6 Rxe3 15. Bxf7+ Kxf7 16. fxe3+ Kg8 17. Qf4 Qe8 18. e4 d6 19. Bd2 Be6 20. Bc3 Qe7 21. Rf2 a5 22. a3 b5 23. Raf1 c5 24. Qg3 b4 25. axb4 axb4 26. Bf6 Qd7 27. h4 Bg4 28. c3 b3 29. d4 h5 30. Qf4 Kh7 31. Qg5 Bh6 32. Qd5 Rf8 33. Bg5 Rxf2 34. Rxf2 Bg7 35. Rf7 Qa4 36. Bf6 Qa1+ 37. Kh2 Qe1 38. Rxg7+ Kh6 39. Rh7+ Kxh7 40. Qf7+ Kh6 1-0

[Event "Titled Tuesday intern op 14th Feb Early"]
[Site "Chess.com INT"]
[Date "2023.02.14"]
[Round "1"]
[White "Bon, Michael"]
[Black "Pulpan, Jakub"]
[Result "1/2-1/2"]
[WhiteElo "2394"]
[BlackElo "2422"]
[PlyCount "59"]
[EventDate "2023.02.14"]
[EventType "swiss (blitz)"]
[EventRounds "11"]
[EventCountry "USA"]
[SourceTitle "CBM 212 Extra"]
[Source "ChessBase"]
[SourceDate "2023.03.31"]
[SourceVersion "1"]
[SourceVersionDate "2023.03.31"]
[SourceQuality "1"]

1. e4 e6 2. d4 d5 3. e5 b6 4. Nf3 Ba6 5. Bxa6 Nxa6 6. c4 Qd7 7. cxd5 exd5 8. Nc3 Ne7 9. 0-0 Nf5 10. e6 fxe6 11. Ne5 Qc8 12. Qh5+ g6 13. Nxg6 hxg6 14. Qxh8 Qd7 15. Bg5 Qg7 16. Qh3 Kd7 17. Rfe1 Re8 18. Rac1 Qxd4 19. Nb5 Qb4 20. Nxa7 Nc5 21. Qh7+ Be7 22. Bxe7 Rxe7 23. Qxg6 Nd3 24. Red1 Nxc1 25. Rxd5+ exd5 26. Qc6+ Kd8 27. Qa8+ Kd7 28. Qc6+ Kd8 29. Qa8+ Kd7 30. Qc6+ 1/2-1/2

[Event "Titled Tuesday intern op 14th Feb Early"]
[Site "Chess.com INT"]
[Date "2023.02.14"]
[Round "9"]
[White "Janaszak, Dawid"]
[Black "Bon, Michael"]
[Result "1-0"]
[WhiteElo "2322"]
[BlackElo "2394"]
[PlyCount "59"]
[EventDate "2023.02.14"]
[EventType "swiss (blitz)"]
[EventRounds "11"]
[EventCountry "USA"]
[SourceTitle "CBM 212 Extra"]
[Source "ChessBase"]
[SourceDate "2023.03.31"]
[SourceVersion "1"]
[SourceVersionDate "2023.03.31"]
[SourceQuality "1"]

1. e4 c5 2. Nc3 Nc6 3. f4 e6 4. Nf3 d5 5. Bb5 Nge7 6. Ne5 dxe4 7. Nxe4 a6 8. Bxc6+ bxc6 9. Qh5 Ng6 10. Ng5 Qd4 11. Ngxf7 Qxf4 12. Rf1 Qe4+ 13. Qe2 Qxe2+ 14. Kxe2 Nxe5 15. Nxe5 Ra7 16. b3 Bd6 17. Bb2 a5 18. d3 a4 19. Rf3 axb3 20. axb3 Rxa1 21. Bxa1 Rg8 22. g3 Bd7 23. Nc4 Be7 24. Be5 g6 25. Rf1 Rf8 26. Ra1 Kf7 27. Ra7 Rd8 28. Bc7 Rf8 29. Bb6 Ke8 30. Ne5 1-0

[Event "Titled Tuesday intern op 31st Jan Late"]
[Site "Chess.com INT"]
[Date "2023.01.31"]
[Round "3"]
[White "Aggelis, Nikolaos"]
[Black "Bon, Michael"]
[Result "1/2-1/2"]
[WhiteElo "2278"]
[BlackElo "2392"]
[PlyCount "162"]
[EventDate "2023.01.31"]
[EventType "swiss (blitz)"]
[EventRounds "11"]
[EventCountry "USA"]
[SourceTitle "CBM 212 Extra"]
[Source "ChessBase"]
[SourceDate "2023.03.31"]
[SourceVersion "1"]
[SourceVersionDate "2023.03.31"]
[SourceQuality "1"]

1. d4 d5 2. g3 Nc6 3. Bg2 Bf5 4. Nf3 e6 5. 0-0 Nb4 6. Na3 Be7 7. c4 c6 8. Qb3 Nf6 9. Nh4 Be4 10. f3 Bg6 11. Nxg6 hxg6 12. Be3 a5 13. Bf2 g5 14. Nc2 g4 15. a3 Nxc2 16. Qxc2 gxf3 17. Bxf3 Bd6 18. c5 Bc7 19. b4 Qe7 20. Rab1 e5 21. e3 e4 22. Be2 Qe6 23. Be1 axb4 24. axb4 Ra3 25. Rb3 Ra1 26. Rb1 Rxb1 27. Qxb1 Qh3 28. Rf2 Bxg3 29. Rg2 Bxh2+ 30. Kf1 Qxe3 31. Bf2 Qf4 32. Qa1 Kd7 33. Qa7 Kc7 34. b5 e3 35. b6+ Kc8 36. Qa8+ Qb8 37. Qxb8+ Bxb8 38. Bxe3 g6 39. Bg5 Ne4 40. Bg4+ f5 41. Bf3 Nxg5 42. Rxg5 Rh6 43. Kg2 Kd7 44. Kf2 Bf4 45. Rg1 g5 46. Ra1 g4 47. Bg2 Bb8 48. Ra8 Kc8 49. Ra1 f4 50. Re1 Kd7 51. Ra1 f3 52. Bf1 Rh2+ 53. Ke3 Ke6 54. Ra8 Bg3 55. Rg8 Rh4 56. Bd3 Bh2 57. Re8+ Kf7 58. Rb8 Bg1+ 59. Kf4 Bxd4 60. Rxb7+ Ke6 61. Kg3 Rh8 62. Kxg4 f2 63. Rc7 Bxc5 64. Rxc6+ Bd6 65. b7 Rf8 66. Rc8 f1Q 67. Bxf1 Rxf1 68. b8Q Bxb8 69. Rxb8 d4 70. Kg3 Ke5 71. Kg2 Rf5 72. Rb5+ Ke4 73. Rxf5 Kxf5 74. Kf3 Ke5 75. Ke2 Ke4 76. Kd2 d3 77. Kd1 Kd4 78. Kd2 Kc4 79. Kd1 Kc3 80. Kc1 d2+ 81. Kd1 Kd3 1/2-1/2